000 01042nam a22002777a 4500
005 20251108173020.0
008 250721s2001 xx 000 0 ara d
082 1 4 _aط/211.9591/ناص
100 1 _aالناصر، عبدالعزيز بن عبد الرحمن
245 1 0 _aالسلسلة العلمية للحيوانات الواردة في القرآن الكريم /
264 1 _aالرياض :
_bمكتبة العبيكات،
_c2001.
300 _a3 أجزاء
490 0 _aالثديات
_vالمجموعة 1
490 0 _aالطيور - الحشرات
_vالمجموعة 2
490 0 _aالبرمائيات - الزواحف - الأسماك - الجوفمعويات
_vالمجموعة -3
650 1 7 _aالبرمائيات
650 1 7 _aالحيوانات
650 1 7 _aالقرآن
650 1 7 _aالثديات
650 1 7 _aالحشرات
650 1 7 _aالطيور
653 _aناشاون صغار (10-14) سنه
700 1 _aالباز، عبد الله بن سعد
942 _2ddc
_cBK
999 _c94090
_d94090